000 00430nam a2200169Ia 4500
003 GCL
008 140319s9999 xx 000 0 eng d
040 _aGCL /
_cGCL
082 0 4 _a611
_bC C
100 1 _aCHEN, EACHOU
245 1 0 _aCROSS-SECTIONAL ANATOMY OF A CUPOINTS /
_cCHEN, EACHOU
260 _a[S.N] :
_bCHURCHILL LIVINGSTONE ،
_c1995
300 _a244 P
650 0 4 _aANATOMY
650 0 4 _aMEDICINE
942 _2ddc
_cBK
999 _c10462
_d10462